000 00686nam a2200277Ia 4500
005 20260324142615.0
008 008 260324s9999 xx 000 0 eng d
020 _a9780203978245
037 _aEBOOK
040 _aCRL
040 _beng
040 _cCRL
041 _2eng
041 _aeng
084 _qCRL
100 _aLinda Evans; Angie Packwood; S.R. St. J. Neill; R.J. Campbell
_91212580
245 4 _aThe Meaning of Infant Teachers' Work
260 _bTaylor and Francis
260 _c1994
365 _a
365 _b300
856 _uhttp://www.taylorfrancis.com/books/9780203978245
942 _cEBOOK
999 _c1816956
_d1816956